| 000 | 00807nam a2200217Ia 4500 | ||
|---|---|---|---|
| 999 |
_c40185 _d40185 |
||
| 001 | 6792 | ||
| 003 | GE_BSU | ||
| 005 | 20200109172529.0 | ||
| 008 | 181216s1950||||g |||||||||||||| ||geo|| | ||
| 040 | _cGE_BSU | ||
| 041 | _ageo | ||
| 080 | _a821.353.1-4 გ-59 | ||
| 100 |
_aგოგიავა, კლიმენტი. _95998 |
||
| 245 |
_aსამი გმირი : _bნარკვევი / _cკლიმენტი გოგიავა ; რედ. ლ. კალანდაძე. |
||
| 264 |
_aთბილისი : _bსახელგამი, _c1950. |
||
| 300 |
_a44 გვ. ; _c20 სმ. |
||
| 653 | _aნარკვევი | ||
| 653 | _aსამი გმირი | ||
| 700 |
_aკალანდაძე, ლ. _eრედაქტორი _96059 |
||
| 942 |
_cBK _2udc |
||